000 00309nam a22001337a 4500
008 171027b xxu||||| |||| 00| 0 eng d
020 _a0133158209
041 _aeng
080 _25 ED
_a336
100 _a55
101 _aMEN
245 _aFINANCIAL MANAGEMENT AND POLICY
_cHORNE.J.C.V
942 _2udc
_cBK
999 _c36081
_d36081